[Event "AUTO-OPEN-352"]
[Site "http://www.queenalice.com/game.php?id=94076"]
[Date "2006.8.9"]
[Round "1"]
[White "andrecp2c"]
[Black "Koukin"]
[Result "1-0"]
[WhiteElo "1652"]
[BlackElo "1231"]

1. e4 e5 2. Nc3 Nc6 3. Nf3 Nf6 4. Bc4 Ng4 5. O-O Qg5 6. Nxg5 Be7 7. Qxg4 f6 8.
Nf7 Rf8 9. Nb5 Bd6 10. Nfxd6+ Kd8 11. Qxg7 Re8 12. Nxe8 a6 13. Qxf6+ Kxe8 14.
Nxc7# 1-0

[Event "AUTO-OPEN-352"]
[Site "http://www.queenalice.com/game.php?id=94077"]
[Date "2006.8.9"]
[Round "1"]
[White "Koukin"]
[Black "andrecp2c"]
[Result "1-0"]
[WhiteElo "1203"]
[BlackElo "1407"]

1. e4 e5 2. Nc3 Nc6 3. Nf3 Nf6 4. d3 d6 5. Bg5 h6 6. Bh4 g5 7. Bg3 Nh5 8. Nd5 b5
9. h3 a6 10. a3 Be6 11. b4 Bxd5 12. Be2 Be6 13. O-O Rg8 14. Qe1 g4 15. Nh2 gxh3
16. Bxh5 Nd4 17. Qd1 a5 18. c3 hxg2 19. cxd4 gxf1=Q+ 20. Qxf1 exd4 21. Bg4 Bxg4
22. Nxg4 Rxg4 23. Qh3 Rg6 24. Re1 Qd7 25. Qh4 1-0

[Event "AUTO-OPEN-352"]
[Site "http://www.queenalice.com/game.php?id=94078"]
[Date "2006.8.9"]
[Round "1"]
[White "andrecp2c"]
[Black "juliux"]
[Result "1/2-1/2"]
[WhiteElo "1500"]
[BlackElo "1787"]

1. e4 e5 2. Nc3 Nf6 3. Nf3 Nc6 4. d3 Bb4 5. Be3 d5 6. a3 Bxc3+ 7. bxc3 dxe4 8.
dxe4 Qxd1+ 9. Kxd1 Nxe4 10. Bb5 Bd7 11. Bxc6 Bxc6 12. Nxe5 Rd8+ 13. Bd4 Nxc3+
14. Kd2 Rxd4+ 15. Kxc3 Re4 16. Nxc6 bxc6 17. Rae1 Rxe1 18. Rxe1+ Kd8 19. Re4 Re8
20. Rg4 g6 21. Rg5 Re2 22. f3 Ke7 23. Kd3 Re1 24. Ra5 Rh1 25. Rxa7 Rxh2 26.
Rxc7+ Kf8 27. Rxc6 Rxg2 28. Rf6 Kg7 29. Rf4 Rg5 30. a4 h5 31. Rb4 Rf5 32. Ke2
Ra5 33. Rc4 g5 34. Kf2 h4 35. Rg4 Kh6 36. Kg2 Rc5 37. f4 1/2-1/2

[Event "AUTO-OPEN-352"]
[Site "http://www.queenalice.com/game.php?id=94079"]
[Date "2006.8.9"]
[Round "1"]
[White "juliux"]
[Black "andrecp2c"]
[Result "1/2-1/2"]
[WhiteElo "1690"]
[BlackElo "1644"]

1. e4 e5 2. Nf3 Nc6 3. Bc4 Bc5 4. Nc3 d6 5. d3 Be6 6. Bxe6 fxe6 7. Ng5 Qf6 8.
Qg4 Nd8 9. Nb5 Kd7 10. Nh3 Bb4+ 11. c3 a6 12. Nxc7 Kxc7 13. Bg5 Nh6 14. Qd1 Qg6
15. Bxd8+ Kxd8 16. cxb4 Qxg2 17. Rg1 Qxh3 18. Qb3 Re8 19. O-O-O Qxh2 20. Rxg7
Re7 21. Rg8+ Nxg8 22. Rd2 Qg1+ 23. Rd1 Qxf2 24. Rd2 Qe1+ 25. Qd1 Rc7+ 26. Kb1
Qxd1+ 27. Rxd1 d5 28. exd5 exd5 29. Re1 e4 30. dxe4 Rac8 31. exd5 Rc1+ 32. Rxc1
Rxc1+ 33. Kxc1 Nf6 34. Kc2 Nxd5 35. a3 b6 36. Kd3 a5 37. Kd4 Nc7 38. bxa5 bxa5
39. Ke5 Ke7 40. Kf5 Kf7 41. Kg5 Kg7 42. Kh5 Nd5 43. Kg5 Nb6 44. b4 axb4 45. axb4
Nd5 46. b5 Nb6 47. Kh5 h6 48. Kg4 Kg6 49. Kh4 h5 50. Kg3 Kg5 51. Kh3 h4 52. Kg2
Kg4 53. Kh2 h3 54. Kg1 1/2-1/2

[Event "Challenge"]
[Site "http://www.queenalice.com/game.php?id=98885"]
[Date "2006.8.24"]
[Round "-"]
[White "bradd"]
[Black "andrecp2c"]
[Result "1-0"]
[WhiteElo "1513"]
[BlackElo "1652"]

1. e3 e5 2. e4 Nf6 3. Nc3 Nc6 4. h4 Bc5 5. g4 d6 6. g5 Ng4 7. Qf3 Nxf2 8. Bc4
Be6 9. Rh2 Bxc4 10. Rxf2 Bxf2+ 11. Qxf2 Nd4 12. d3 Be6 13. Nf3 Nxf3+ 14. Qxf3 h6
15. Ne2 hxg5 16. Bxg5 f6 17. Be3 Rxh4 18. b3 Bg4 19. Qg2 f5 20. exf5 Bxf5 21.
Bg5 Qd7 22. Bxh4 1-0

[Event "AUTO-OPEN-533"]
[Site "http://www.queenalice.com/game.php?id=160082"]
[Date "2007.1.28"]
[Round "1"]
[White "andrecp2c"]
[Black "klitzke"]
[Result "0-1"]
[WhiteElo "1376"]
[BlackElo "1717"]

1. e4 e5 2. Nf3 d6 3. d4 exd4 4. Nxd4 Qe7 5. Nc3 d5 6. Bd3 Nf6 7. Qe2 Qb4 8. Qe3
Be7 9. a3 Qa5 10. Bd2 Bb4 11. Nxd5 Bxd2+ 12. Qxd2 Qxd2+ 13. Kxd2 Nxd5 14. exd5
Bd7 15. Rhe1+ Kd8 16. Re5 f6 17. Re3 Na6 18. Ne6+ Bxe6 19. dxe6 Ke7 20. Bxa6
bxa6 0-1

[Event "AUTO-OPEN-533"]
[Site "http://www.queenalice.com/game.php?id=160083"]
[Date "2007.1.28"]
[Round "1"]
[White "klitzke"]
[Black "andrecp2c"]
[Result "1/2-1/2"]
[WhiteElo "1747"]
[BlackElo "1354"]

1. e4 e5 2. Nf3 Nc6 3. Bc4 Nf6 4. d4 exd4 5. Nxd4 Nxe4 6. Nxc6 bxc6 7. Qe2 Qe7
8. O-O d5 9. Ba6 Nc5 10. Qxe7+ Bxe7 11. Bxc8 Rxc8 12. Be3 a5 1/2-1/2

[Event "AUTO-OPEN-533"]
[Site "http://www.queenalice.com/game.php?id=160084"]
[Date "2007.1.28"]
[Round "1"]
[White "andrecp2c"]
[Black "rubenov"]
[Result "0-1"]
[WhiteElo "1376"]
[BlackElo "1888"]

1. e4 d5 2. Nc3 d4 3. Nce2 e5 4. Nf3 Nc6 5. c3 d3 6. Ng3 Bg4 7. Qa4 Bxf3 8. gxf3
Qf6 9. Nf5 g6 10. Ne3 Qxf3 11. Rg1 O-O-O 12. Rg3 Qh1 13. Ng4 h5 14. Ne3 Qxh2 15.
Rg2 Qh1 16. Nd5 h4 17. Nb4 Nxb4 18. cxb4 h3 19. Rg4 Qf3 0-1

[Event "AUTO-OPEN-533"]
[Site "http://www.queenalice.com/game.php?id=160085"]
[Date "2007.1.28"]
[Round "1"]
[White "rubenov"]
[Black "andrecp2c"]
[Result "1-0"]
[WhiteElo "1891"]
[BlackElo "1354"]

1. d4 d5 2. Bg5 h6 3. Bh4 Nc6 4. e3 g5 5. Bg3 Bg7 6. Bb5 Bd7 7. Nc3 e5 8. Bxc6
Bxc6 9. dxe5 Qe7 10. Qd4 f6 11. Nxd5 Bxd5 12. exf6 Bxf6 13. Qxd5 c6 14. Qb3
O-O-O 15. Ne2 Be5 16. Bxe5 Qxe5 17. O-O Nf6 18. Qc3 Ng4 19. Qxe5 Nxe5 20. f4 Rd2
21. Nc3 Rxc2 22. fxe5 Rxb2 23. e6 Re8 24. Rf6 h5 25. Ne4 g4 26. Nd6+ Kd8 27.
Nxe8 Kxe8 28. Rf7 Re2 29. Rxb7 Rxe3 30. Rxa7 Rxe6 31. Rb1 1-0

[Event "AUTO-OPEN-533"]
[Site "http://www.queenalice.com/game.php?id=160086"]
[Date "2007.1.28"]
[Round "1"]
[White "andrecp2c"]
[Black "Paranista"]
[Result "0-1"]
[WhiteElo "1373"]
[BlackElo "2032"]

1. e4 c5 2. Nf3 Nc6 3. d4 cxd4 4. Nxd4 d6 5. Nc3 Nf6 6. Bg5 e6 7. Qd2 a6 8.
O-O-O h6 9. Be3 Be7 10. f4 Bd7 11. Bd3 b5 12. Kb1 Qc7 13. h3 Nxd4 14. Bxd4 b4
15. Na4 Bxa4 16. Qxb4 Bd7 17. Qb3 Rb8 18. Qc3 Qxc3 19. Bxc3 Bb5 20. e5 dxe5 21.
fxe5 Nd5 22. Bxb5+ Rxb5 23. Bd4 O-O 24. c4 Rb7 25. cxd5 exd5 26. Rhf1 Rfb8 27.
Rf2 a5 28. a4 Rb4 29. Bc3 Rxa4 30. Rxd5 Rc4 31. Bxa5 Bg5 32. Rd1 Ra8 0-1

[Event "AUTO-OPEN-533"]
[Site "http://www.queenalice.com/game.php?id=160087"]
[Date "2007.1.28"]
[Round "1"]
[White "Paranista"]
[Black "andrecp2c"]
[Result "1-0"]
[WhiteElo "2034"]
[BlackElo "1373"]

1. e4 e5 2. Nf3 Nf6 3. Nxe5 d6 4. Nf3 Nxe4 5. Bd3 Nf6 6. h3 Qe7+ 7. Be2 Nc6 8.
O-O Bf5 9. Re1 Qd7 10. Ba6+ Ne7 11. Bxb7 Rb8 12. Ba6 Qa4 13. Qe2 Qxc2 14. Nc3 c5
15. Bb5+ Kd8 16. Ng5 Bg6 17. Nxf7+ Bxf7 18. Bd3 Bc4 19. Bxc4 Qg6 20. d3 Nf5 21.
Nd5 Nxd5 22. Bxd5 Nd4 23. Qd2 Rb5 24. Qg5+ Qxg5 25. Bxg5+ Kd7 26. Rab1 Rb8 27.
b3 h6 28. Bh4 Rb5 29. Bc4 Ra5 30. a4 g5 31. Bg3 Bg7 32. Re3 Rb8 33. Rbe1 Nc2 34.
Re7+ 1-0